000 00328nam a22001457a 4500
999 _c7845
_d7845
003 OSt
005 20200526141118.0
008 200526b ||||| |||| 00| 0 eng d
020 _a9788415492498
082 _a725.71BRO
100 _a Broto, Carles
245 _aBars & restaurants
260 _aSpain
_bLinks Books
942 _2ddc